[Event "Ruhrgebiet Verbandsklasse Gruppe 3 1415"]
[Site "Germany"]
[Date "2014.11.16"]
[Round "3"]
[White "Schuetz, Ralf"]
[Black "Lohkemper, Malte"]
[Result "1-0"]
[WhiteElo "1774"]
[BlackElo "1374"]
[PlyCount "91"]
[EventDate "2014.09.21"]
[EventType "team-tourn"]
[EventRounds "9"]
[EventCountry "GER"]
[SourceTitle "EXT 2022"]
[Source "ChessBase"]
[SourceDate "2021.10.06"]
[SourceVersion "1"]
[SourceVersionDate "2021.10.06"]
[SourceQuality "1"]
[WhiteTeam "Boenen SV"]
[BlackTeam "Haltern"]
[WhiteTeamCountry "GER"]
[BlackTeamCountry "GER"]

1. e4 c5 2. Nf3 Nc6 3. d4 cxd4 4. Nxd4 Nf6 5. Nc3 d6 6. Be3 a6 7. Qd2 g6 8. f3 Bg7 9. h4 Bd7 10. 0-0-0 0-0 11. g4 h5 12. Be2 Qa5 13. Nb3 Qc7 14. Rdg1 Rac8 15. gxh5 Nxh5 16. Nd5 Qd8 17. Bh6 e6 18. Bxg7 Kxg7 19. Nf4 Nxf4 20. Qxf4 e5 21. Qd2 Qf6 22. h5 Rh8 23. h6+ Kh7 24. Rd1 Rhd8 25. Kb1 Be6 26. Qe3 Rd7 27. Rd2 Rcd8 28. Rf1 Bxb3 29. axb3 Nd4 30. Bc4 g5 31. Rg2 Rg8 32. c3 b5 33. Bd5 Ne6 34. Bxe6 fxe6 35. Rfg1 Kxh6 36. f4 exf4 37. Qh3+ Kg6 38. Rxg5+ Kf7 39. Qh7+ Rg7 40. Rxg7+ Qxg7 41. Rxg7+ Kf6 42. Rg6+ Ke5 43. Qxd7 Kxe4 44. Qxe6+ Kf3 45. Kc2 Kf2 46. Kd2 1-0